1083 1938 1993 1278 1844 1918 1337 1008 1005 1909 1774 1024 1658 1649 1648 1470 1586 1592 1536 1067 1551 1868 1433 1064 1972 1538 1196 1038 1301 1908 1068 1681 1785 1232 1144 1700 1285 1583 1444 1156 1620 1160 1256 1670 1887 1507 1955 1610 1461 1059 1142 1300 1326 1146 1529 1185 1996 1965 1545 1810 1212 1388 1504 1907 1840 1571 1725 1410 1754 1821 1859 1432 1352 1105 1032 1329 1231 1412 1715 1701 1284 1537 1142 1060 1504 1178 1888 1216 1007 1137 1237 1284 1183 1203 1014 1452 1175 1308 1938 BCNSPRNW ULIB Ver.6.0+V

เปลี่ยนเป็นภาษาไทย

Change to English
 แสดงรายละเอียดบรรณานุกรม
  กลับหน้าหลัก

Brief Record : Get Marc (ISO 2709) : E-mail record : QR code < ปิดหน้าต่าง
LEADER : 00000nam 2200000uu 4500
001    13399123216
003     ULIB
008    020711s2551 th a 000 0 tha d
020    9789744263384
090    นว.^bภ682ข ล.2
100    ภูระริน จุปะมะตัง
245    ขอให้ฉันอยู่กับเธอตลอดไป เล่ม2/^cภูระริน จุปะมะตัง
250    พิมพ์ครั้งที่ 1
260    กรุงเทพฯ :^bเลมอน กรีน,^c2551
300    297 หน้า;^b21 ซม.
500    มี 2 เล่ม
710    เลมอน กรีน
945    ^p189^l0^i20352
999    ^aทศพร เกษรทอง
รายการนี้ยังไม่มีแท็ก
คุณยังไม่ได้ล็อกอิน คุณสามารถมีกิจกรรมร่วมกับเว็บไซต์ได้ แต่ต้องล็อกอินก่อน ::
  ล็อกอิน

รายการสื่อสารสนเทศ

ลำดับที่ ประเภท เลขเรียก/บาร์โค้ด สถานที่ สถานะ
1. นวนิยาย
นวนิยาย
นว. ภ682ข ล.2 ฉ.1 
  Barcode: 20352
ห้องสมุดวิทยาเขตนครสวรรค์
►นวนิยาย:l:Fiction
บนชั้น

รายการใกล้เคียง
    ผู้แต่ง [ภูระริน จุปะมะตัง]

BibComment


ยังไม่เคยถูกคอมเมนท์

คอมเมนท์ทรัพยากรรายการนี้
  คอมเมนท์: ขอให้ฉันอยู่กับเธ..


 Copyright 2026. Bcnsprnw @Library